00916nam a2200229Ia 4500003000400000005001700004008004100021020001800062040001800080041000800098082002200106100002400128245006200152250001200214260004900226300002900275650007400304650009000378942003500468999001900503952016400522OSt20250304133514.0210716s2008 xx 000 0 und d a9780195696493 cAIMIT LIBRARY aeng a658.406 21bSOMA aSom, Ashok.9203710 aOrganization redesign and innivative HRM /cBy Ashok Som. a1st ed. aNew York :bOxford University Press ;c2008. axiii,197p. ;bPBc22 cm. aAdoption of innovative HRM practices for superior performance9203711 aComplexities dualities and competencies in managing redesigning organizations9203712 2ddccBKe1st ed.k658.406 SOMA c204592d204592 00102ddc40708MBAaAIMITbAIMITd2009-11-30g545.00iBill no:345; Bill dt:2009-11-18l0o658.406 SOMApMBA07158r2026-05-23 00:00:00v408.75w2021-07-16yBK